Food packaging and shelf life: a practical guide

Guardat en:
Dades bibliogràfiques
Autor principal: Robertson, Gordon L (Autor)
Format: Llibre
Idioma:anglès
Publicat: Boca Ratón CRC Press 2010
Matèries:
Etiquetes: Afegir etiqueta
Sense etiquetes, Sigues el primer a etiquetar aquest registre!

MARC

LEADER 00000cam a2200000 a 4500
001 UCF7656
003 CL-VaPUC
008 130704e20100000US |||||||||||||||||eng|d
020 |a 9781420078442 
082 0 4 |a 664.09  |b ROB  |2 21 
100 0 |a Robertson, Gordon L  |e author  |9 569734 
245 1 0 |a Food packaging and shelf life: a practical guide 
300 |a 388 p 
942 |c BK 
945 |d 20130704 00:00:00  |a cmena 
260 |a Boca Ratón  |b CRC Press  |c 2010 
650 7 |a EMPAQUE DE ALIMENTOS  |2 CL-VaPUC  |9 569735 
650 7 |a TECNOLOGIA DE ALIMENTOS  |2 CL-VaPUC  |9 569736 
650 7 |a ENVASES  |2 CL-VaPUC  |9 341877 
583 |a last modification  |c 20130704 11:43:00  |k Rodrigo Vera 
999 |c 352460  |d 352458 
952 |0 0  |1 0  |4 0  |6 664_090000000000000_ROB_2010  |7 0  |8 A  |9 456989  |a BIBALI  |b BIBALI  |c GEN  |d 2019-11-22  |i 4988523  |l 3  |o 664.09 ROB 2010  |p 4988523  |r 2025-01-20  |s 2023-10-23  |w 2019-11-22  |y BK  |k ALI